00869nam a2200169Ia 4500003000900000008004100009020001800050040001600068080002300084111011800107245030700225260004100532300001500573490003500588650005400623700002200677IN-BaIIA211028s9999 xx 000 0 eng d a4-946443-34-7 cIIA Library a535.33(082.2)bYAM aColloquium on UV and X-ray Spectroscopy of Astrophysical and Laboratory Plasmasn11nthcJapand1995 May 29- Jun 2 0aUV and X-Ray spectroscopy of astrophysical and laboratory plasmasbproceedings of the eleventh colloquium on UV and X-ray spectroscopy of astrophysical and laboratory plasmas held in Nagoya, Japan, May 29-Jun 2 1995cedited by K. Yamashita and T. Watanabe  aJapanbUniversal Academy Pressc1996 axii, 521p. aFrontier Science Series no. 15 aspectroscopy, uv-spectroscopy, x-ray spectroscopy aWatanabe, T., ed.